000 00641nab a2200181 4500
001 244442
003 OSt
005 20250717084524.0
007 tu
008 200917s2020|||||||
040 _aDE-2950
_cDE-2950
245 0 0 _aDebatte um höhere Parkgebühren
_bFinanzen. Frankfurt muss sparen. Die Stadtverordneten diskutieren dabei auch über Erhöhungen, um das haushaltsloch zu stopfe n. Unter anderem im Fokus: Das Anwohnerparken/
_cLisa Larossa
264 _c2024
653 _aFrankfurt (Oder)
653 _aFinanzen
773 0 _g36. Jahrgang (2025) Nr. 164 vom 17.07.2025, S. 13 mit Foto
_tMärkische Oderzeitung
942 _2z
_cA
999 _c373897
_d373897